000 00651nam a2200193 a 4500
003 0
005 20250220115557.0
008 110617s19uu xx 00 eng d
050 _aPHS HQ 799.15
_b.M68 2011
100 _aMisa, Jonas Daniel D.
245 _aParental absence and father-child relationship /
_cJoas Daniel D. Misa.
260 _aLas PiƱas City, Philippines :
_bSouthville International School and Colleges,
_c2011.
300 _a22 pages :
_billustrations ;
_c28 cm.
504 _aIncludes bibliographical references.
650 _aParental absence.
650 _aFather and child.
650 _aParent and child.
942 _2lcc
_cPASS
999 _c98513
_d98513